[Event "Miedzywojewodzkie Mistrzostwa Juniorow L"]
[Site "Lublin"]
[Date "2010.09.24"]
[Round "5.3"]
[White "Daciuk, Jaroslaw"]
[Black "Bartoszek, Jakub"]
[Result "0-1"]
[WhiteElo "1554"]
[BlackElo "1682"]
[PlyCount "80"]
[EventDate "2010.??.??"]

1. c4 g6 2. Nc3 Bg7 3. Nf3 Nf6 4. g3 O-O 5. Bg2 d6 6. d4 Re8 7. O-O Nbd7 8. h3
a6 9. Be3 Rb8 10. Qc1 b5 11. cxb5 axb5 12. Nd2 Bb7 13. Bxb7 Rxb7 14. Nde4 Nxe4
15. Nxe4 e5 16. d5 f5 17. Ng5 Nf8 18. Qc6 Qb8 19. Qc2 b4 20. Rfc1 h6 21. Nf3
Nd7 22. Nh4 Nf8 23. g4 f4 24. Bd2 g5 25. Nf5 Nd7 26. Nxh6+ Bxh6 27. Qg6+ Bg7
28. Qxg5 Nf6 29. h4 Ne4 30. Qg6 Nxd2 31. Rc2 Rf8 32. Rxd2 Rf6 33. Qe4 Qc8 34.
f3 Qa8 35. g5 Rf7 36. Kg2 Ra7 37. h5 Qd8 38. Qg6 Kf8 39. h6 Bh8 40. Qh5 Rf5 0-1

[Event "Miedzywojewodzkie Mistrzostwa Juniorow L"]
[Site "Lublin"]
[Date "2010.09.24"]
[Round "5.4"]
[White "Trofimiuk, Tomasz"]
[Black "Gora, Jan"]
[Result "0-1"]
[WhiteElo "1399"]
[BlackElo "1907"]
[PlyCount "56"]
[EventDate "2010.??.??"]

1. e4 c5 2. Nf3 g6 3. d4 cxd4 4. Nxd4 Bg7 5. Nc3 Nc6 6. Be3 Nf6 7. Be2 O-O 8.
O-O d6 9. Kh1 Ne5 10. f4 Ned7 11. Bf3 Rb8 12. Nce2 a6 13. Ng3 Qc7 14. c3 b6 15.
Qd2 Bb7 16. Rae1 Nc5 17. Bf2 e5 18. Nb3 Bh6 19. Nxc5 dxc5 20. Be3 exf4 21. Bg1
Rbd8 22. Qc1 Rfe8 23. Ne2 Nxe4 24. Qc2 Nd2 25. Rf2 Nxf3 26. gxf3 Re3 27. Kg2
Qe7 28. Ref1 Bxf3+ 0-1

[Event "Miedzywojewodzkie Mistrzostwa Juniorow L"]
[Site "Lublin"]
[Date "2010.09.24"]
[Round "5.5"]
[White "Borawski, Jakub"]
[Black "Gorbacz, Filip"]
[Result "1-0"]
[WhiteElo "1867"]
[BlackElo "1605"]
[PlyCount "73"]
[EventDate "2010.??.??"]

1. e4 e5 2. Nc3 Nf6 3. Bc4 Bb4 4. Nge2 O-O 5. O-O Bxc3 6. Nxc3 Nxe4 7. Nxe4 d5
8. Bxd5 Qxd5 9. Nc3 Qd4 10. d3 Bd7 11. Be3 Qg4 12. f3 Qg6 13. f4 Bc6 14. Qd2
Nd7 15. f5 Qd6 16. a3 b6 17. Qf2 a6 18. Qh4 f6 19. Ne4 Qd5 20. Rf3 Rf7 21. Rg3
Qb5 22. b4 Qa4 23. Ra2 Bb7 24. Rh3 Nf8 25. Rg3 Nd7 26. Qg4 Kh8 27. Qh5 Re7 28.
Rh3 Nf8 29. Qh4 Bxe4 30. Qxe4 Rd8 31. Rg3 Qd7 32. Qg4 Qd5 33. Ra1 e4 34. Rd1 c5
35. c4 Qe5 36. d4 cxd4 37. Bf4 1-0

[Event "Miedzywojewodzkie Mistrzostwa Juniorow L"]
[Site "Lublin"]
[Date "2010.09.24"]
[Round "5.6"]
[White "Oleksza, Radoslaw"]
[Black "Szwajkowski, Patryk"]
[Result "1-0"]
[WhiteElo "1563"]
[BlackElo "1529"]
[PlyCount "47"]
[EventDate "2010.??.??"]

1. e4 c5 2. Nf3 d6 3. d4 cxd4 4. Nxd4 Nf6 5. Nc3 g6 6. Bb5+ Bd7 7. Bxd7+ Nbxd7
8. O-O Bg7 9. Be3 O-O 10. Kh1 Ne5 11. Qe2 Neg4 12. Bd2 Ne5 13. f4 Nc6 14. Nxc6
bxc6 15. g4 Qd7 16. f5 Rfd8 17. g5 Nh5 18. Rad1 Qb7 19. b3 Rac8 20. f6 exf6 21.
gxf6 Nxf6 22. Bg5 Nxe4 23. Nxe4 Re8 24. Qf3 1-0

[Event "Miedzywojewodzkie Mistrzostwa Juniorow L"]
[Site "Lublin"]
[Date "2010.09.24"]
[Round "6.1"]
[White "Zochowski, Kacper"]
[Black "Bartoszek, Jakub"]
[Result "1-0"]
[WhiteElo "1903"]
[BlackElo "1682"]
[PlyCount "109"]
[EventDate "2010.??.??"]

1. e4 e6 2. d4 d5 3. Nc3 Bb4 4. e5 c5 5. a3 Bxc3+ 6. bxc3 Qc7 7. Nf3 Nc6 8. h4
Nge7 9. h5 h6 10. Bd3 Bd7 11. O-O O-O 12. Bf4 c4 13. Be2 f5 14. Qd2 Kh7 15. Nh4
b5 16. Qe3 a5 17. Rab1 Rab8 18. g4 fxg4 19. Bxg4 b4 20. axb4 axb4 21. Bh2 bxc3
22. Qxc3 Qa7 23. Rbd1 Qb6 24. Qe3 Qb2 25. Rd2 c3 26. Rd3 Rb4 27. Rxc3 Rxd4 28.
f3 Kg8 29. Rd3 Ra4 30. c3 Ra2 31. Rf2 Qxf2+ 32. Qxf2 Rxf2 33. Kxf2 Rb8 34. c4
Rb2+ 35. Kg1 Rb1+ 36. Kg2 Rb2+ 37. Kh3 d4 38. Ng6 Nxg6 39. hxg6 Rc2 40. Ra3 Kf8
41. Ra8+ Ke7 42. Bg3 Be8 43. Bh4+ Kd7 44. Bxe6+ Kxe6 45. Rxe8+ Kf5 46. e6 d3
47. e7 Ke6 48. Rd8 Nxe7 49. Re8 d2 50. Rxe7+ Kd6 51. Re8 Kc5 52. Rd8 Kxc4 53.
Bg3 Kc3 54. Bf4 Ra2 55. Bxd2+ 1-0

[Event "Miedzywojewodzkie Mistrzostwa Juniorow L"]
[Site "Lublin"]
[Date "2010.09.24"]
[Round "6.2"]
[White "Sikora, Rafal"]
[Black "Poswiatowski, Michal"]
[Result "0-1"]
[WhiteElo "1751"]
[BlackElo "1910"]
[PlyCount "52"]
[EventDate "2010.??.??"]

1. e4 e5 2. Nf3 Nc6 3. Bc4 Nf6 4. Nc3 Be7 5. d3 d6 6. h3 Na5 7. Bb3 Nxb3 8.
axb3 O-O 9. O-O c5 10. Ne1 d5 11. Bg5 Be6 12. Nf3 d4 13. Ne2 Nd7 14. Bxe7 Qxe7
15. Nd2 a6 16. f4 f5 17. fxe5 Nxe5 18. Nf4 Bd7 19. Qe1 Bc6 20. exf5 Rxf5 21.
Qg3 Rg5 22. Qh2 Rf8 23. g3 Nf3+ 24. Nxf3 Qe3+ 25. Kh1 Rxf4 26. gxf4 Bxf3+ 0-1

[Event "Miedzywojewodzkie Mistrzostwa Juniorow L"]
[Site "Lublin"]
[Date "2010.09.25"]
[Round "7.2"]
[White "Poswiatowski, Michal"]
[Black "Gora, Jan"]
[Result "1-0"]
[WhiteElo "1910"]
[BlackElo "1907"]
[PlyCount "67"]
[EventDate "2010.??.??"]

1. e4 c5 2. Nf3 Nc6 3. d4 cxd4 4. Nxd4 Nf6 5. Nc3 e6 6. Ndb5 Bb4 7. a3 Bxc3+ 8.
Nxc3 d5 9. exd5 exd5 10. Bd3 O-O 11. O-O d4 12. Ne2 Bg4 13. f3 Bh5 14. Bg5 Qd6
15. Qd2 Nd5 16. Rad1 f6 17. Bh4 Kh8 18. Be4 Rad8 19. Nxd4 Nde7 20. Nxc6 Qxd2
21. Rxd2 Nxc6 22. Rfd1 Rxd2 23. Rxd2 Rd8 24. Rxd8+ Nxd8 25. Bg3 Kg8 26. Bb8 a6
27. Kf2 Bf7 28. Ke3 g6 29. Bc7 Nc6 30. Bxc6 bxc6 31. Kd4 Kf8 32. Kc5 Ba2 33.
Kxc6 Bb1 34. c4 1-0

[Event "Miedzywojewodzkie Mistrzostwa Juniorow "]
[Site "Lublin"]
[Date "2010.09.25"]
[Round "7.3"]
[White "Bartoszek, Jakub"]
[Black "Borawski, Jakub"]
[Result "0-1"]
[WhiteElo "1682"]
[BlackElo "1867"]
[PlyCount "80"]
[EventDate "2010.??.??"]

1. d4 Nf6 2. Nf3 e6 3. c4 Bb4+ 4. Bd2 Qe7 5. g3 Nc6 6. Bg2 a5 7. O-O Bxd2 8.
Nbxd2 d6 9. e4 e5 10. d5 Nb8 11. Ne1 O-O 12. Nd3 Na6 13. a3 Bg4 14. f3 Bd7 15.
b4 c6 16. Qb3 cxd5 17. exd5 Rfc8 18. Ne4 b5 19. Nxf6+ Qxf6 20. cxb5 Bxb5 21.
Rfc1 Qg5 22. f4 Qg6 23. Nf2 exf4 24. gxf4 Rcb8 25. a4 Bd7 26. b5 Nc5 27. Qc4
Re8 28. Rab1 Bf5 29. Rb2 Be4 30. Nxe4 Rxe4 31. Qf1 Rxa4 32. b6 Rb8 33. b7 Qf6
34. Qb5 h6 35. Rxc5 Qd4+ 36. Kh1 Ra1+ 37. Bf1 dxc5 38. Rg2 Rxb7 39. Qe8+ Kh7
40. Rg1 Qxd5+ 0-1

[Event "Miedzywojewodzkie Mistrzostwa Juniorow "]
[Site "Lublin"]
[Date "2010.09.25"]
[Round "7.4"]
[White "Gorbacz, Filip"]
[Black "Sikora, Rafal"]
[Result "1-0"]
[WhiteElo "1605"]
[BlackElo "1751"]
[PlyCount "149"]
[EventDate "2010.??.??"]

1. e4 e5 2. Nf3 Nc6 3. d4 exd4 4. Bc4 Bc5 5. c3 Nf6 6. e5 d5 7. Bb5 Ne4 8. Nxd4
Qh4 9. O-O O-O 10. Bxc6 bxc6 11. Be3 Ba6 12. Re1 f5 13. Nf3 Qe7 14. Bxc5 Nxc5
15. Nd4 Qe8 16. b4 Nd3 17. Re3 Nb2 18. Qc2 Nc4 19. Re1 f4 20. Nf3 Qh5 21. Nbd2
Nxd2 22. Qxd2 Qg6 23. Kh1 Bd3 24. Nh4 Qh5 25. Qxd3 Qxh4 26. f3 Qe7 27. Re2 Rae8
28. Rae1 a5 29. Qa6 axb4 30. Qxc6 Rd8 31. cxb4 d4 32. Qc4+ Kh8 33. Rd1 d3 34.
Rxd3 Rxd3 35. Qxd3 Qxb4 36. h3 Qe7 37. Qe4 Qe6 38. a4 Rd8 39. Qxf4 c5 40. Qg4
Qb3 41. Re1 c4 42. e6 Qxa4 43. Rc1 Rd1+ 44. Rxd1 Qxd1+ 45. Kh2 Qd6+ 46. f4 h6
47. Qf5 c3 48. Qe4 c2 49. e7 Qxe7 50. Qxe7 c1=Q 51. Qe5 Kg8 52. f5 Qg5 53. Qe8+
Kh7 54. Qe4 Kg8 55. Qg4 Qe7 56. h4 Qd6+ 57. Kh3 Qd3+ 58. Qf3 Qxf3+ 59. gxf3 h5
60. Kg3 Kf7 61. Kf4 Kf6 62. Ke4 Ke7 63. Ke5 Kf7 64. f6 gxf6+ 65. Kf5 Ke7 66.
Kg6 Ke6 67. f4 Kd5 68. Kxf6 Ke4 69. f5 Kf4 70. Kg6 Kg4 71. f6 Kxh4 72. f7 Kg4
73. f8=Q h4 74. Qf1 Kg3 75. Qh1 1-0

[Event "Miedzywojewodzkie Mistrzostwa Juniorow "]
[Site "Lublin"]
[Date "2010.09.25"]
[Round "7.6"]
[White "Oleksza, Radoslaw"]
[Black "Trofimiuk, Tomasz"]
[Result "0-1"]
[WhiteElo "1563"]
[BlackElo "1399"]
[PlyCount "104"]
[EventDate "2010.??.??"]

1. d4 Nf6 2. c4 e6 3. Bg5 Bb4+ 4. Nc3 b6 5. a3 Bxc3+ 6. bxc3 Bb7 7. e3 h6 8.
Bh4 O-O 9. Nf3 d6 10. Be2 Nbd7 11. O-O c5 12. Qb3 Qc7 13. Rfd1 Rfc8 14. Rab1
Ba6 15. Nd2 Ne8 16. Bg3 e5 17. d5 Nf8 18. Qc2 Ng6 19. Bh5 Nf8 20. f4 Nf6 21.
Bf3 exf4 22. Bxf4 Ng6 23. Bg3 Re8 24. Be4 Nxe4 25. Nxe4 Ne5 26. Bxe5 Rxe5 27.
Qa4 Bb7 28. Ng3 Rxe3 29. Re1 Qe7 30. Qd1 Re8 31. Rxe3 Qxe3+ 32. Kh1 Qxc3 33.
Qf3 Re1+ 34. Rxe1 Qxe1+ 35. Qf1 Qxf1+ 36. Nxf1 g6 37. g3 Kg7 38. Kg2 Kf6 39.
Kf3 b5 40. cxb5 Bxd5+ 41. Ke3 Bc4 42. Nd2 Bxb5 43. Nb1 Bc6 44. Nd2 d5 45. Nb3
c4 46. Nc5 Ke5 47. Na6 d4+ 48. Kd2 c3+ 49. Kc1 d3 50. Nc5 d2+ 51. Kc2 Be4+ 52.
Kd1 Bf3+ 0-1

[Event "Miedzywojewodzkie Mistrzostwa Juniorow "]
[Site "Lublin"]
[Date "2010.09.25"]
[Round "7.7"]
[White "Szwajkowski, Patryk"]
[Black "Madej, Pawel"]
[Result "0-1"]
[WhiteElo "1529"]
[BlackElo "1680"]
[PlyCount "48"]
[EventDate "2010.??.??"]

1. e4 c6 2. d4 d5 3. Nc3 dxe4 4. Nxe4 Bf5 5. Ng3 Bg6 6. Nf3 Nd7 7. Bd3 Bxd3 8.
Qxd3 Qc7 9. Be3 e6 10. O-O-O O-O-O 11. Qe2 Ngf6 12. Kb1 Kb8 13. Qd2 h6 14. c4
c5 15. Qc1 Bd6 16. dxc5 Bxc5 17. Nd4 a6 18. Rhe1 Rhe8 19. a3 Ng4 20. h3 Nxe3
21. fxe3 Qxg3 22. Qc3 Bxd4 23. Qxd4 Qe5 24. Qg4 Qf5+ 0-1

[Event "Miedzywojewodzkie Mistrzostwa Juniorow L"]
[Site "Lublin"]
[Date "2010.09.25"]
[Round "8.1"]
[White "Zochowski, Kacper"]
[Black "Sikora, Rafal"]
[Result "1-0"]
[WhiteElo "1903"]
[BlackElo "1751"]
[PlyCount "115"]
[EventDate "2010.??.??"]

1. e4 e5 2. Nf3 Nc6 3. Bb5 a6 4. Ba4 Nf6 5. Qe2 b5 6. Bb3 Bc5 7. c3 d6 8. O-O
Bg4 9. Rd1 O-O 10. h3 Bh5 11. d3 h6 12. Nbd2 Re8 13. Nf1 d5 14. Ng3 Bg6 15. Nh4
Bh7 16. Nhf5 Bf8 17. Qf3 d4 18. Nh5 Bxf5 19. Qxf5 Qe7 20. Nxf6+ Qxf6 21. Qxf6
gxf6 22. Bd5 Ne7 23. Bxa8 Rxa8 24. cxd4 exd4 25. Bf4 c5 26. Bd6 Ng6 27. Bxf8
Nxf8 28. Rac1 Ne6 29. f4 Rc8 30. f5 Nf8 31. b4 Nd7 32. bxc5 Rxc5 33. Rxc5 Nxc5
34. Kf2 Na4 35. Ke1 Nc3 36. Rd2 b4 37. Rb2 a5 38. Kd2 Kf8 39. Kc2 Ke7 40. Kb3
Kd6 41. a3 bxa3 42. Kxa3 Nd1 43. Rb5 Ne3 44. Rxa5 Nxg2 45. Rd5+ Ke7 46. Rxd4
Nf4 47. h4 Ng2 48. Kb4 Nxh4 49. Kc5 Nf3 50. Ra4 h5 51. Ra1 Ne5 52. Kd4 h4 53.
Rh1 Kd6 54. Ke3 Ng4+ 55. Kf3 Ne5+ 56. Ke2 Kc5 57. Rxh4 Kd4 58. Rh8 1-0

[Event "Miedzywojewodzkie Mistrzostwa Juniorow "]
[Site "Lublin"]
[Date "2010.09.25"]
[Round "8.2"]
[White "Borawski, Jakub"]
[Black "Poswiatowski, Michal"]
[Result "0-1"]
[WhiteElo "1867"]
[BlackElo "1910"]
[PlyCount "34"]
[EventDate "2010.??.??"]

1. e4 e5 2. Nf3 Nc6 3. Bc4 Nf6 4. d3 Bc5 5. Nc3 O-O 6. O-O h6 7. h3 a6 8. a4 d6
9. Kh1 Be6 10. Bxe6 fxe6 11. Qe1 Nh5 12. Qd1 Qe8 13. Bd2 Rf6 14. Kh2 Qf7 15.
Be3 Nf4 16. Ng1 Rf8 17. Nce2 Qg6 {zapis nieczytelny} 0-1

[Event "Miedzywojewodzkie Mistrzostwa Juniorow "]
[Site "Lublin"]
[Date "2010.09.25"]
[Round "8.3"]
[White "Galaszewski, Patryk"]
[Black "Gora, Jan"]
[Result "0-1"]
[WhiteElo "1829"]
[BlackElo "1907"]
[PlyCount "76"]
[EventDate "2010.??.??"]

1. d4 d5 2. Nf3 e6 3. Bg5 Be7 4. Bxe7 Qxe7 5. c3 Nd7 6. Nbd2 f5 7. e3 Ngf6 8.
Be2 O-O 9. O-O e5 10. dxe5 Nxe5 11. Nxe5 Qxe5 12. Nf3 Qe7 13. c4 dxc4 14. Bxc4+
Be6 15. Qb3 Bxc4 16. Qxc4+ Qf7 17. Qxf7+ Kxf7 18. Rfd1 Rfd8 19. Kf1 Ke7 20. Ke2
g6 21. h3 Rac8 22. Rxd8 Rxd8 23. Rc1 c6 24. Nd4 Rd5 25. f3 f4 26. Nb3 fxe3 27.
Kxe3 Kd6 28. f4 c5 29. a4 b6 30. Rc2 Kc6 31. g4 a6 32. g5 Nh5 33. h4 Ng3 34.
Kf3 Rd3+ 35. Kg4 Rxb3 36. Rc3 Rxc3 37. bxc3 Nf5 38. h5 Kd5 0-1

[Event "Miedzywojewodzkie Mistrzostwa Juniorow "]
[Site "Lublin"]
[Date "2010.09.25"]
[Round "8.4"]
[White "Trofimiuk, Tomasz"]
[Black "Gorbacz, Filip"]
[Result "0-1"]
[WhiteElo "1399"]
[BlackElo "1605"]
[PlyCount "62"]
[EventDate "2010.??.??"]

1. e4 e5 2. Nf3 Nc6 3. d4 exd4 4. Nxd4 Bc5 5. Be3 Qf6 6. Nb5 Bxe3 7. fxe3 Qh4+
8. g3 Qd8 9. Qg4 g6 10. Qf4 d6 11. Bc4 Ne5 12. Bb3 a6 13. Nd4 g5 14. Qf2 Nh6
15. Nc3 c6 16. O-O-O Bg4 17. Rd2 Qe7 18. h3 Bd7 19. Nf5 Nxf5 20. exf5 f6 21.
Ne4 d5 22. Nc3 b5 23. g4 a5 24. a3 b4 25. axb4 axb4 26. Na4 Qc5 27. e4 Nd3+ 28.
Rxd3 Qxf2 29. exd5 cxd5 30. Bxd5 Rc8 31. Bb3 h5 0-1

[Event "Miedzywojewodzkie Mistrzostwa Juniorow "]
[Site "Lublin"]
[Date "2010.09.25"]
[Round "8.6"]
[White "Bartoszek, Jakub"]
[Black "Szwajkowski, Patryk"]
[Result "0-1"]
[WhiteElo "1682"]
[BlackElo "1529"]
[PlyCount "70"]
[EventDate "2010.??.??"]

1. d4 d5 2. c4 c6 3. Nf3 e6 4. cxd5 cxd5 5. Nc3 Nf6 6. Bf4 Qa5 7. e3 Bb4 8. Nd2
O-O 9. Qb3 Nc6 10. Rc1 Bd7 11. Be2 Rac8 12. O-O Rfe8 13. a3 Bxc3 14. Rxc3 Qb6
15. Qxb6 axb6 16. Rb3 Na5 17. Rxb6 Rc2 18. Rd1 Rec8 19. b4 Nc4 20. Bxc4 dxc4
21. Rxb7 c3 22. Nb1 h6 23. b5 Rb2 24. Rc1 c2 25. Nd2 Ne4 26. Rxd7 Nxd2 27. e4
Nb3 28. Ra1 c1=Q+ 29. Bxc1 Nxc1 30. d5 Rcc2 31. a4 Nd3 32. Rf1 Nxf2 33. dxe6
Nh3+ 34. Kh1 Rxg2 35. exf7+ Kh7 0-1

[Event "Miedzywojewodzkie Mistrzostwa Juniorow "]
[Site "Lublin"]
[Date "2010.09.25"]
[Round "8.7"]
[White "Madej, Pawel"]
[Black "Oleksza, Radoslaw"]
[Result "0-1"]
[WhiteElo "1680"]
[BlackElo "1563"]
[PlyCount "82"]
[EventDate "2010.??.??"]

1. e4 g6 2. d4 Bg7 3. Nc3 d6 4. Be3 Nf6 5. Be2 O-O 6. f4 e5 7. Bf3 exd4 8. Bxd4
Nc6 9. Nge2 Nxd4 10. Nxd4 a6 11. Qd2 c5 12. Nde2 Be6 13. O-O-O Qa5 14. Kb1 Rfd8
15. Nd5 Qxd2 16. Nxf6+ Bxf6 17. Rxd2 Rd7 18. Rhd1 Rad8 19. c3 Bg7 20. Nc1 b6
21. Nd3 Kf8 22. Nf2 h5 23. g3 Ke7 24. Re1 Kf8 25. Red1 b5 26. Nd3 a5 27. Kc1 b4
28. e5 c4 29. Nf2 bxc3 30. bxc3 dxe5 31. Rxd7 Rxd7 32. Rxd7 Bxd7 33. fxe5 Bxe5
34. Bd5 Bxc3 35. Bxc4 Bf5 36. Kd1 Bd4 37. Ke2 Bxf2 38. Kxf2 Be6 39. Bxe6 fxe6
40. Ke3 Ke7 41. Ke4 Kd6 0-1

[Event "Miedzywojewodzkie Mistrzostwa Juniorow L"]
[Site "Lublin"]
[Date "2010.09.26"]
[Round "9.1"]
[White "Galaszewski, Patryk"]
[Black "Zochowski, Kacper"]
[Result "1/2-1/2"]
[WhiteElo "1829"]
[BlackElo "1903"]
[PlyCount "61"]
[EventDate "2010.??.??"]

1. d4 Nf6 2. c4 e6 3. Nc3 Bb4 4. a3 Bxc3+ 5. bxc3 b6 6. Nf3 Ne4 7. Bb2 Bb7 8.
g3 d6 9. Bg2 Nd7 10. O-O O-O 11. Nd2 Nxd2 12. Qxd2 Bxg2 13. Kxg2 Qe7 14. e4 e5
15. Rae1 Rad8 16. Qd3 f5 17. Bc1 f4 18. gxf4 exf4 19. f3 Qh4 20. Kh1 Rf6 21.
Re2 Qh3 22. Rg1 Nf8 23. Bd2 Ng6 24. Be1 Re6 25. Rd2 Nf8 26. Rgg2 Rg6 27. Qf1
Rxg2 28. Qxg2 Qxg2+ 29. Rxg2 Ne6 30. Rb2 c5 31. Bf2 1/2-1/2

[Event "Miedzywojewodzkie Mistrzostwa Juniorow "]
[Site "Lublin"]
[Date "2010.09.26"]
[Round "9.2"]
[White "Gorbacz, Filip"]
[Black "Poswiatowski, Michal"]
[Result "1/2-1/2"]
[WhiteElo "1605"]
[BlackElo "1910"]
[PlyCount "61"]
[EventDate "2010.??.??"]

1. e4 e5 2. Nf3 Nc6 3. Bb5 a6 4. Bxc6 dxc6 5. d4 exd4 6. Qxd4 Qxd4 7. Nxd4 f6
8. Be3 c5 9. Nb3 b6 10. N1d2 Bd7 11. O-O O-O-O 12. a4 a5 13. Rfb1 Ne7 14. Nc1
Ng6 15. c3 f5 16. Ne2 Ne5 17. b3 h6 18. Ng3 Ng4 19. exf5 Nxe3 20. fxe3 Bxf5 21.
Nxf5 Rxd2 22. Rd1 Rb2 23. Rab1 Rxb1 24. Rxb1 g6 25. Nh4 Rg8 26. c4 Be7 27. Nf3
Kd7 28. Kf2 Ke6 29. Rd1 Rf8 30. Ke2 Bf6 31. Rd3 1/2-1/2

[Event "Miedzywojewodzkie Mistrzostwa Juniorow L"]
[Site "Lublin"]
[Date "2010.09.26"]
[Round "9.3"]
[White "Gora, Jan"]
[Black "Madej, Pawel"]
[Result "1/2-1/2"]
[WhiteElo "1907"]
[BlackElo "1680"]
[PlyCount "72"]
[EventDate "2010.??.??"]

1. e4 c6 2. c4 d5 3. cxd5 cxd5 4. exd5 Nf6 5. Qa4+ Bd7 6. Qb3 Qc7 7. Nc3 g6 8.
Nge2 Bg7 9. d4 O-O 10. Bf4 Qb6 11. Qxb6 axb6 12. Ng3 Na6 13. Bc4 Rac8 14. Bb3
Nb4 15. Kd2 Bf5 16. Nxf5 gxf5 17. a3 Na6 18. f3 Nc7 19. Rhe1 Rfd8 20. d6 exd6
21. Re7 Rd7 22. Bxf7+ Kf8 23. Rxd7 Nxd7 24. Bb3 Bxd4 25. Bxd6+ Kg7 26. Bxc7
Rxc7 27. Nb5 Bxb2 28. Nxc7 Bxa1 29. Bd5 Nc5 30. Ne8+ Kg6 31. Nd6 Be5 32. Nc4
Bxh2 33. Nxb6 Be5 34. a4 Bc7 35. a5 Bxb6 36. axb6 Na4 1/2-1/2

[Event "Miedzywojewodzkie Mistrzostwa Juniorow L"]
[Site "Lublin"]
[Date "2010.09.26"]
[Round "9.4"]
[White "Borawski, Jakub"]
[Black "Trofimiuk, Tomasz"]
[Result "1-0"]
[WhiteElo "1867"]
[BlackElo "1399"]
[PlyCount "21"]
[EventDate "2010.??.??"]

1. e4 c5 2. Nf3 d6 3. d4 cxd4 4. Nxd4 Nf6 5. Be3 Nxe4 6. Qf3 Nf6 7. Nc3 g6 8.
O-O-O Bg7 9. Ne4 O-O 10. Nxf6+ Bxf6 11. g4 {zapis nieczytelny} 1-0

[Event "Miedzywojewodzkie Mistrzostwa Juniorow L"]
[Site "Lublin"]
[Date "2010.09.26"]
[Round "9.5"]
[White "Oleksza, Radoslaw"]
[Black "Bartoszek, Jakub"]
[Result "1/2-1/2"]
[WhiteElo "1563"]
[BlackElo "1682"]
[PlyCount "62"]
[EventDate "2010.??.??"]

1. d4 g6 2. c4 Bg7 3. Nc3 d6 4. e4 Nf6 5. f3 O-O 6. Be3 c5 7. dxc5 dxc5 8. Qxd8
Rxd8 9. Bxc5 Nc6 10. Nge2 Nd7 11. Be3 Nde5 12. Nf4 Nb4 13. Rb1 Be6 14. Nxe6
fxe6 15. a3 Nbd3+ 16. Bxd3 Rxd3 17. Ke2 Rad8 18. Rhd1 Rxd1 19. Rxd1 Rxd1 20.
Nxd1 Nxc4 21. Bxa7 Nxb2 22. Nxb2 Bxb2 23. a4 Kf7 24. Kd3 Be5 25. g3 Bc7 26. Kc4
Ke8 27. Kb5 Kd7 28. Bb6 Bb8 29. Be3 Bc7 30. f4 e5 31. fxe5 Bxe5 1/2-1/2

[Event "Miedzywojewodzkie Mistrzostwa Juniorow L"]
[Site "Lublin"]
[Date "2010.09.26"]
[Round "9.7"]
[White "Daciuk, Jaroslaw"]
[Black "Szwajkowski, Patryk"]
[Result "0-1"]
[WhiteElo "1554"]
[BlackElo "1529"]
[PlyCount "66"]
[EventDate "2010.??.??"]

1. c4 e5 2. Nc3 Nc6 3. Nf3 g6 4. d4 exd4 5. Nxd4 Bg7 6. e3 Nge7 7. Be2 O-O 8.
O-O d6 9. Qd2 Ne5 10. f4 Ng4 11. h3 Nh6 12. Nf3 Re8 13. e4 f5 14. Qc2 fxe4 15.
Nxe4 Bf5 16. Bd3 Nc6 17. a3 Nd4 18. Nxd4 Bxd4+ 19. Kh1 Ng4 20. Rb1 Bxe4 21.
Bxe4 Qh4 22. Bd5+ Kg7 23. Bf3 h5 24. Bxg4 hxg4 25. Qd3 Bf6 26. b4 Re7 27. Rb3
Rae8 28. Qg3 Re1 29. Kg1 Bd4+ 30. Be3 R8xe3 31. Qxh4 Rxh3+ 32. Qf2 Bxf2+ 33.
Kxf2 Rxf1+ 0-1